| 000 | 00543nam a2200205 a 4500 | ||
|---|---|---|---|
| 005 | 20240806064206.0 | ||
| 008 | 060403s2000 000 eng d | ||
| 020 | _a9507249966 | ||
| 035 | _aUPN01000144968 | ||
| 049 | _aCG | ||
| 050 | 4 |
_aBF173 _bR6.8 |
|
| 100 | 1 | _aRosmaryn, Ada | |
| 245 | 1 | 0 |
_aUn dÃa en la vida de una psicoanalista / _bAda Rosmaryn. |
| 260 |
_aBuenos Aires : _bLumen, _c2000. |
||
| 300 | _a157 p. | ||
| 440 | 0 | _aTercer milenio | |
| 650 | 4 |
_aPsicoanálisis _91572 |
|
| 650 | 4 |
_aPSICOANALISTAS _97551 |
|
| 905 | _aLibro | ||
| 999 |
_c117115 _d117115 |
||